000 00763cam a2200241 4500
001 ABS63963
008 000000n2001 000 0 eng u
035 _a(Sirsi) u112748
245 _aRegional survey: Merseyside
260 _c2001
490 _aProperty Week
_v66(19) 11 May 2001, 41-54(8)
590 _aABS
650 _aMERSEYSIDE
650 _aURBAN REGENERATION COMPANIES
650 _aLIVERPOOL
650 _aPROPERTY-COMMERCIAL PROPERTY-RETAIL PROPERTY-RETAIL PROPERTY MARKET
650 _aINDUSTRIAL MARKET
650 _aPROPERTY-COMMERCIAL PROPERTY-OFFICE PROPERTY-OFFICE PROPERTY MARKET
650 _aFOOTBALL STADIUMS
650 _aLIVERPOOL VISION
690 _aPROPERTY-COMMERCIAL PROPERTY-COMMERCIAL PROPERTY MARKET
942 _n0
999 _c67133
_d67133